000 00564nam a2200205Ia 4500
005 20250326144935.0
008 250326s9999 xx 000 0 und d
020 _a0-324-00439-7
037 _aTextbook
040 _aFMSL
_beng
_cFMSL
041 _aeng
_2eng
084 _aX:8D P0
_qFMSL
100 _aBurton M
245 0 _aFicial system and the economy: principles of money and banking
_cBurton M; Lombra R
250 _a2
260 _aUS
_bUS, South-Western
_c2000
300 _axx,628
942 _cTB
_hX:8D P0
999 _c1305713
_d1305713